Wyspy karaibskie - Statystyki

Ogólne statystyki
  • Ten quiz został rozwiązany 73 razy
    72 od ostatniego zresetowania
  • Średni wynik to 8 z 16
Statystyki odpowiedzi
Odpowiedź % Poprawnych
Dominika
81%
Saint lucia
81%
Grenada
70%
Antigua i barbuda
68%
Barbados
68%
Saint kitts i nevis
68%
Trynidad i tobago
62%
Saint vincent i grenadyny
57%
Bahamy
49%
Aruba
43%
Martynika
41%
Wyspy dziewicze
41%
Gwadelupa
35%
Brytyjskie wyspy dziewicze
32%
Curaçao
27%
Anguilla
22%
Nie znaleziono quizów pasujących do podanych kryteriów
Rozkład punktacji
Procent ludzi z każdym wynikiem
Percentyl według liczby udzielonych odpowiedzi
Twoja historia wyników
Nie rozwiązałeś tego quizu od ostatniego zresetowania